| 000 | 00714nam a2200205Ia 4500 | ||
|---|---|---|---|
| 005 | 20140610082956.0 | ||
| 008 | 140529s9999 xx 000 0 und d | ||
| 020 | _a9781608313570 | ||
| 050 |
_aP 95.B65 _b.R217 2011 |
||
| 100 | _aRaphael, Lawrence J. | ||
| 245 |
_aSpeech science primer : _bphysiology, acoustics, and perception of speech / _cLawrence J. Raphael, Gloria J. Borden, Katherine S. Harris |
||
| 250 | _a6th ed. | ||
| 260 |
_aBaltimore, MD : _bWolters Kluwer Health/Lippincott Williams & Wilkins, _cc2011. |
||
| 300 |
_a333 p. : _bill. ; _c26 cm. |
||
| 500 | _aIncludes glossary and index. | ||
| 650 | _aSpeech acoustics. | ||
| 650 | _aSpeech perception. | ||
| 942 |
_cBK _2lcc |
||
| 999 |
_c117662 _d117662 |
||